Zhodnotenie vplyvu emisií zo Slovenských elektrární, a.s. Mochovce na životné prostredie

Gespeichert in:
Bibliographische Detailangaben
1. Verfasser: Položániová, Viktória (Verfasst von)
Weitere Verfasser: Soldán, Maroš (Betreuung Doktorarbeit)
Format: Manuskript Buch
Sprache:Slowakisch
Veröffentlicht: 2019
Schlagworte:
Online-Zugang:http://is.stuba.sk/zp/portal_zp.pl?podrobnosti=144147
Tags: Tag hinzufügen
Keine Tags, Fügen Sie das erste Tag hinzu!

MARC

LEADER 00000ntm a22000003a 4500
001 stuzp74058
003 SK-STU
005 20190608212758.9
007 ta
008 150427s2015----xo-----f-mn---000-0-slo-d
040 |a STU  |b slo 
041 0 |a slo 
100 1 |a Položániová, Viktória  |u 065000  |4 aut  |U MTF Materiálovotechnologická fakulta  |T MTF Ústav integrovanej bezpečnosti  |X 93227  |U M5000  |Y 85  |7 93227 
242 0 1 |a Evaluation of the impact of emissions from Slovak Power Plants, a.s. Mochovce to the environment  |y eng 
245 1 0 |a Zhodnotenie vplyvu emisií zo Slovenských elektrární, a.s. Mochovce na životné prostredie 
260 |c 2019 
650 4 |a monitorovanie emisií  |2 slo 
650 4 |a znečisťujúce látky  |2 slo 
650 4 |a atómová elektráreň  |2 slo 
650 4 |a Mochovce  |2 slo 
650 4 |a životné prostredie  |2 slo 
650 4 |a pollutants  |2 eng 
650 4 |a nuclear power plant  |2 eng 
650 4 |a Mochovce  |2 eng 
650 4 |a environment  |2 eng 
650 4 |a emission monitoring  |2 eng 
700 1 |a Soldán, Maroš  |u 065000  |k Z1  |4 ths  |U MTF Materiálovotechnologická fakulta  |T MTF Ústav integrovanej bezpečnosti  |X 2878  |U M5000  |Y 85  |7 A000002878 
856 4 |u http://is.stuba.sk/zp/portal_zp.pl?podrobnosti=144147 
996 |c M* DP-13933  |l MMSKP  |s P  |a 0  |w stuzp74058_0001